| 000 | 00628nam a2200181 a 4500 | ||
|---|---|---|---|
| 005 | 20210223121523.0 | ||
| 008 | 991125s1944 ag 000 0 spa u | ||
| 035 | _aUPN01000019263 | ||
| 049 | _aLT | ||
| 050 | 4 |
_aLB1601 _bE5.3 1944 |
|
| 245 | 0 | 0 | _aEnciclopedia escolar y de cultura general. |
| 260 |
_aBuenos Aires : _bAtlántida, _c1944. |
||
| 300 |
_a704 p. : _bil. |
||
| 440 | 0 | _aEnciclopedia escolar Atlántida | |
| 500 | _a"Libro del maestro y del alumno comprendiendo el plan íntegro de la enseñanza primaria y de consulta para el autodidacto" | ||
| 650 | 4 |
_aEDUCACION PRIMARIA - _vDICCIONARIOS _98792 |
|
| 905 | _aLibro | ||
| 999 |
_c19263 _d19263 |
||